Manual práctico de engranajes

Enregistré dans:
Détails bibliographiques
Auteur principal: Henriot, Georges (Auteur)
Format: Livre
Langue:espagnol
Publié: Barcelona Marcombo 1967
Sujets:
Tags: Ajouter un tag
Pas de tags, Soyez le premier à ajouter un tag!

MARC

LEADER 00000nam a2200000 a 4500
001 UCP2338
003 CL-VaPUC
008 990514e19670000SP |||||||||||||||||spa|d
082 0 4 |a 621.83  |b HEN  |2 21 
100 |a Henriot, Georges  |e author  |9 429025 
245 1 0 |a Manual práctico de engranajes 
300 |a 249 p 
942 |c BK 
945 |d 19990514 00:00:00  |a cmena 
260 |a Barcelona  |b Marcombo  |c 1967 
650 0 |a Engranajes   |9 271783 
650 0 |a Diseño de máquinas   |9 271533 
650 7 |a MECANICA INDUSTRIAL  |2 CL-VaPUC  |9 429026 
650 0 |a Ingeniería mecánica   |9 262089 
650 7 |a ELEMENTOS DE MAQUINAS  |2 CL-VaPUC  |9 429027 
583 |a last modification  |c 19990514 00:00:00  |k Rodrigo Vera 
999 |c 280889  |d 280887 
952 |0 0  |1 0  |4 0  |6 621_830000000000000_HEN_1967  |7 0  |8 A  |9 321415  |a BIBMEC  |b BIBMEC  |d 2019-11-20  |i 1499440  |o 621.83 HEN 1967  |p 1499440  |r 2024-01-19  |w 2019-11-20  |y BK  |k MEC